| 000 | 00341nam a2200145 a 4500 | ||
|---|---|---|---|
| 008 | 020528s1969||||xx 0 und c | ||
| 040 |
_aSNK _bslo _cSNK _eAACR2 |
||
| 100 | 1 | _aFarga, Franz | |
| 245 | 1 | 0 | _aPaganini |
| 260 |
_aPraha-Bratislava _bEditio Supraphon _c1969 |
||
| 300 | _a146 s. | ||
| 020 | _c12 | ||
| 041 | _aslo | ||
| 044 |
_axo _cSK |
||
| 999 |
_c15125 _d15125 |
||